| 000 | 00618nam a2200181 a 4500 | ||
|---|---|---|---|
| 001 | 000009245 | ||
| 005 | 20260114124842.0 | ||
| 008 | 090929s1997 dr 001 0 spa d | ||
| 040 |
_aDO-SdBNP _bspa _cBNPHU |
||
| 082 |
_a242.5 _bG643s |
||
| 100 | 1 |
_aGonzález, Carlos Ignacio _923947 |
|
| 245 | 1 | 0 |
_aCon el señor en la aurora del tercer milenio : _bmeditaciones para prepararse al jubileo de la encarnación / _cCarlos Ignacio González. |
| 260 |
_aSanto Domingo : _bEdiciones MSC, _c1997. |
||
| 300 |
_a205 p. ; _c22 cm. |
||
| 650 | 0 |
_aMeditaciones _95988 |
|
| 650 | 4 |
_aJesucristo _xMeditaciones _913843 |
|
| 049 | _aBNPD | ||
| 999 |
_c9008 _d9008 |
||